Behaviour modification in mental retardation : the educational and rehabilitation of the mentally retarded adolescent and adult (Record no. 16589)

MARC details
000 -LEADER
fixed length control field 00490nam a2200133 4500
020 ## - INTERNATIONAL STANDARD BOOK NUMBER
ISBN 9780202308579
082 ## - DEWEY DECIMAL CLASSIFICATION NUMBER
Classification number 157.8
Item number GAR
100 ## - MAIN ENTRY--AUTHOR NAME
Personal name Gardner, William I.
245 ## - TITLE STATEMENT
Title Behaviour modification in mental retardation : the educational and rehabilitation of the mentally retarded adolescent and adult
Statement of responsibility, etc William I. Gardner
260 ## - PUBLICATION, DISTRIBUTION, ETC. (IMPRINT)
Place of publication New Brunswick
Name of publisher Adline Transaction
Year of publication 2010
300 ## - PHYSICAL DESCRIPTION
Number of Pages ix,379p.;
Dimensions 23cm.
650 ## - SUBJECT ADDED ENTRY--TOPICAL TERM
Topical Term People with mental disabilities-Behavior modification
942 ## - ADDED ENTRY ELEMENTS (KOHA)
Koha item type Books
Holdings
Withdrawn status Lost status Damaged status Collection code Home library Current library Shelving location Date acquired Full call number Accession Number Koha item type Copy number
      RELIGION & PHILOSOPHY North Eastern Hill University North Eastern Hill University General Stacks 24/11/2011 157.8 GAR 11375 Books  
      ADULT & CONTINUING EDUCATION North Eastern Hill University North Eastern Hill University General Stacks 04/10/2023 157.8 GAR 321202 Books ;1